|
|
|
|
| LEADER |
00000nam a2200000Ii 4500 |
| 001 |
DIGCOLMX0230 |
| 003 |
NyNyDIG |
| 007 |
cr ||||||||||| |
| 008 |
220122s2015 mx ob 000 0bspa d |
| 006 |
m o d |
| 035 |
|
|
|a (OCoLC)939684786
|
| 040 |
|
|
|a DGITA
|b eng
|e rda
|e pn
|c DGITA
|
| 020 |
|
|
|a 9786074628630
|q eBook
|
| 020 |
|
|
|z 9786074627459
|
| 043 |
|
|
|a n-mx---
|a e-sp---
|
| 050 |
1 |
4 |
|a B1019.G284 ebook
|
| 082 |
1 |
4 |
|a 199.72
|
| 100 |
1 |
|
|a Valero Pie, Aurelia,
|e author.
|
| 245 |
1 |
0 |
|a José Gaos en México :
|b una biografía intelectual, 1938-1969 /
|c Aurelia Valero Pie.
|
| 250 |
|
|
|a Primera edición electrónica.
|
| 264 |
|
1 |
|a México, D.F. :
|b El Colegio de México,
|c 2015.
|
| 300 |
|
|
|a 1 online resource.
|
| 336 |
|
|
|a text
|b txt
|2 rdacontent
|
| 337 |
|
|
|a computer
|b c
|2 rdamedia
|
| 338 |
|
|
|a online resource
|b cr
|2 rdacarrier
|
| 347 |
|
|
|a text file
|2 rdaft
|
| 347 |
|
|
|b EPUB
|
| 500 |
|
|
|a "Centro de Estudios Históricos."
|
| 504 |
|
|
|a Includes bibliographical references.
|
| 588 |
0 |
|
|a Online resource; title from ePub title page (Digitalia, viewed January 22, 2021)
|
| 600 |
1 |
0 |
|a Gaos, José,
|d 1900-1969.
|
| 650 |
|
0 |
|a Philosophers
|z Mexico
|v Biography.
|
| 650 |
|
0 |
|a Philosophers
|z Spain
|v Biography.
|
| 650 |
|
0 |
|a Exiles
|z Mexico
|v Biography.
|
| 650 |
|
0 |
|a Exiles
|z Spain
|v Biography.
|
| 655 |
|
0 |
|a Electronic books.
|
| 791 |
2 |
|
|a Digitalia (Firm),
|e distributor.
|
| 793 |
0 |
|
|g Digitalia eBook Collection:
|a El Colegio de México
|
| 776 |
0 |
8 |
|i Print version:
|a Valero Pie, Aurelia.
|t José Gaos en México.
|b Primera edición.
|d México, D.F. : El Colegio de México, 2013
|z 9786074627459
|
| 856 |
4 |
0 |
|3 Digitalia Hispánica
|u https://www.digitaliapublishing.com/a/105590/
|
| 910 |
|
|
|a Premium collection: 2022
|